000 00308nam a2200121Ia 4500
008 190216s9999||||xx |||||||||||||| ||und||
100 _aNull
245 0 _aAmerican Literature An Anthology With Critical Introductions
260 _bFaber And Faber
300 _a712
650 _aEnglish Poetry
942 _cBK
999 _c12894
_d12894